Sports Quiz

Random Sports or Color Quiz

MLB teams with red as color Quiz Stats

 Plays Quiz not verified by Sporcle

Challenge
Share
Tweet
Embed
Score 0/14 Timer 05:00
0 Plays Today
% Correct
Reds
100%
Red Sox
100%
Indians
93.3%
Cardinals
93.3%
Nationals
91.7%
Angels
90%
Phillies
88.3%
% Correct
Cubs
88.3%
Twins
88.3%
Rangers
86.7%
Diamondbacks
86.7%
Braves
85%
Astros
83.3%
Dodgers
36.7%

You're not logged in!

Compare scores with friends on all Sporcle quizzes.
Join for Free
OR
Log In

You Might Also Like...

Show Comments

Extras

Top Quizzes Today


Score Distribution

Your Account Isn't Verified!

In order to create a playlist on Sporcle, you need to verify the email address you used during registration. Go to your Sporcle Settings to finish the process.

Report this User

Report this user for behavior that violates our Community Guidelines.

Details: